The Washington manual: (Record no. 9793)

MARC details
000 -LEADER
fixed length control field 00829nam a22001577a 4500
005 - DATE AND TIME OF LATEST TRANSACTION
control field 20230621132447.0
008 - FIXED-LENGTH DATA ELEMENTS--GENERAL INFORMATION
fixed length control field 230621b ||||| |||| 00| 0 eng d
020 ## - INTERNATIONAL STANDARD BOOK NUMBER
International Standard Book Number 9780781743686
050 ## - LIBRARY OF CONGRESS CALL NUMBER
Classification number RD37.G667
245 ## - TITLE STATEMENT
Title The Washington manual:
Remainder of title Surgery survival guide
260 ## - PUBLICATION, DISTRIBUTION, ETC.
Place of publication, distribution, etc. New York:
Name of publisher, distributor, etc. Lippincott Williams and Wilkins,
Date of publication, distribution, etc. 2003
300 ## - PHYSICAL DESCRIPTION
Extent xvii, 321 pages
Dimensions 20cm
500 ## - GENERAL NOTE
General note includes appendix and index
505 ## - FORMATTED CONTENTS NOTE
Formatted contents note Content: keys to survival--Daily routine for the surgery intern-- Resources-- Perioperative care and conduct-- Radiology and vascular studies-- Common calls-- Common problems-- Critical care-- Nutrition-- Tubes and drains-- Surgical subspecialties: neurosurgery-- Surgical subspecialties: orthopedic surgery-- Surgical subspecialties: Urology-- Surgical subspecialties: plastic surgery
942 ## - ADDED ENTRY ELEMENTS (KOHA)
Source of classification or shelving scheme Library of Congress Classification
Koha item type Books
Holdings
Withdrawn status Lost status Source of classification or shelving scheme Damaged status Not for loan Collection code Home library Current library Shelving location Date acquired Total Checkouts Full call number Barcode Date last seen Copy number Price effective from Koha item type
    Library of Congress Classification     Non-fiction WISCONSIN INTERNATIONAL UNIVERSITY COLLEGE, GHANA - MAIN LIBRARY WISCONSIN INTERNATIONAL UNIVERSITY COLLEGE, GHANA - MAIN LIBRARY nursing 21/06/2023   RD37.G665 NURS/798/068/23 21/06/2023 1 21/06/2023 Books
    Library of Congress Classification     Non-fiction WISCONSIN INTERNATIONAL UNIVERSITY COLLEGE, GHANA - MAIN LIBRARY WISCONSIN INTERNATIONAL UNIVERSITY COLLEGE, GHANA - MAIN LIBRARY nursing 21/06/2023   RD37.G6651 NURS/799/069/23 21/06/2023 2 21/06/2023 Books

If you have any concerns or questions; kindly contact the library


© Powered by WIUC ICT DIRECTORATE